000 00774nam a2200217 a 4500
001 38467
003 BD-RjUL
005 20211209052813.0
008 151212s1969 bg ||||| |||| 00| 0 ben d
035 _a(BD-RjUL)38572
040 _aBD-RjUL
_bben
_cBD-RjUL
041 _aben
082 _a891.443
_bSEB 1969
100 _aসেন, সত্যেন
_9118777
245 _aবিদ্রোহী কৈবর্ত /
_cসত্যেন সেন
260 _aঢাকা :
_bখান ব্রাদার্স এণ্ড কোং,
_c১৯৬৯.
300 _a২৭৪ পৃ. ;
_c২১ সেমি.
650 _aবাংলা সাহিত্য
_vউপন্যাস
_9116625
650 _aBengali Literature
_vNovel
_9116586
942 _2ddc
_cBK
_01
999 _c38467
_d38467